Systems analysis & design methods / (Record no. 364)

000 -LEADER
fixed length control field nam a22 a 4500
005 - DATE AND TIME OF LATEST TRANSACTION
control field 20170503151327.0
008 - FIXED-LENGTH DATA ELEMENTS--GENERAL INFORMATION
fixed length control field 170503b1986 -us||||| |||| 00| 0 eng d
020 ## - INTERNATIONAL STANDARD BOOK NUMBER
International Standard Book Number 0801654645
040 ## - CATALOGING SOURCE
Original cataloging agency AKMAL
082 ## - DEWEY DECIMAL CLASSIFICATION NUMBER
Classification number 003 WHI
090 ## - LOCALLY ASSIGNED LC-TYPE CALL NUMBER (OCLC); LOCAL CALL NUMBER (RLIN)
Classification number (OCLC) (R) ; Classification number, CALL (RLIN) (NR) 003
Local cutter number (OCLC) ; Book number/undivided call number, CALL (RLIN) WHI
100 1# - MAIN ENTRY--PERSONAL NAME
Personal name Whitten, Jeffrey L.
9 (RLIN) 821
245 10 - TITLE STATEMENT
Title Systems analysis & design methods /
Statement of responsibility, etc. Jeffrey L. Whitten, Lonnie D. Bentley, Thomas I.M. Ho.
250 ## - EDITION STATEMENT
Edition statement 1st ed.
260 ## - PUBLICATION, DISTRIBUTION, ETC.
Place of publication, distribution, etc. St. Louis :
Name of publisher, distributor, etc. Times Mirror/Mosby College Pub.,
Date of publication, distribution, etc. 1986
300 ## - PHYSICAL DESCRIPTION
Extent xxxi, 847 p. :
Other physical details ill. (some col.) ;
Dimensions 25cm
504 ## - BIBLIOGRAPHY, ETC. NOTE
Bibliography, etc. note Includes bibliographies and index.
650 #0 - SUBJECT ADDED ENTRY--TOPICAL TERM
Topical term or geographic name entry element System design.
9 (RLIN) 822
650 #0 - SUBJECT ADDED ENTRY--TOPICAL TERM
Topical term or geographic name entry element System analysis.
9 (RLIN) 823
700 1# - ADDED ENTRY--PERSONAL NAME
Personal name Bentley, Lonnie D.
9 (RLIN) 824
700 1# - ADDED ENTRY--PERSONAL NAME
Personal name Ho, Thomas I. M.,
Dates associated with a name 1948-
9 (RLIN) 825
942 ## - ADDED ENTRY ELEMENTS (KOHA)
Source of classification or shelving scheme
Koha item type Book
Holdings
Withdrawn status Lost status Source of classification or shelving scheme Damaged status Not for loan Collection code Home library Current library Shelving location Date acquired Inventory number Total Checkouts Full call number Barcode Date last seen Price effective from Koha item type
          NON-FICTION AKMAL Melaka AKMAL Melaka PINJAMAN 03.05.2017 000381   003 WHI 201701245 03.05.2017 03.05.2017 Book
Pusat Sumber Maklumat Dato' Haji Sarmin Md Hussin, Akademi Kastam Diraja Malaysia, Melaka
Tel: 06-2331106 | Faks: 06-2313787